Yangın Yıllarından Nidaya Ahmet Telli Şiiri (Record no. 685)

000 -LEADER
fixed length control field 00499nam a22001817a 4500
008 - FIXED-LENGTH DATA ELEMENTS--GENERAL INFORMATION
fixed length control field 170725b xxu||||| |||| 00| | tur d
020 ## - INTERNATIONAL STANDARD BOOK NUMBER
International Standard Book Number 9789752896819
041 ## - LANGUAGE CODE
Language code of text/sound track or separate title Türkçe
050 ## - LIBRARY OF CONGRESS CALL NUMBER
Classification number PL248.T354
100 ## - MAIN ENTRY--PERSONAL NAME
Personal name Susam, Asuman
9 (RLIN) 519
245 ## - TITLE STATEMENT
Title Yangın Yıllarından Nidaya Ahmet Telli Şiiri
250 ## - EDITION STATEMENT
Edition statement 1. Baskı
260 ## - PUBLICATION, DISTRIBUTION, ETC.
Place of publication, distribution, etc. İstanbul
Name of publisher, distributor, etc. Everest Yayınları
Date of publication, distribution, etc. Şubat 2010
300 ## - PHYSICAL DESCRIPTION
Extent 173 sayfa
500 ## - GENERAL NOTE
General note İnceleme

2 adet mevcuttur.
650 #0 - SUBJECT ADDED ENTRY--TOPICAL TERM
9 (RLIN) 145
Topical term or geographic name entry element Türk Edebiyatı
942 ## - ADDED ENTRY ELEMENTS (KOHA)
Source of classification or shelving scheme
Koha item type Books
Holdings
Withdrawn status Lost status Source of classification or shelving scheme Damaged status Not for loan Permanent Location Current Location Shelving location Date acquired Full call number Barcode Date last seen Price effective from Koha item type
        Ödünç verilemez İmren Ahmet Tüzün Kütüphanesi İmren Ahmet Tüzün Kütüphanesi Ahmet Tüzün 2017-07-25 PL248.T354 100100000676 2017-07-25 2017-07-25 Books
        Ödünç verilemez İmren Ahmet Tüzün Kütüphanesi İmren Ahmet Tüzün Kütüphanesi Ahmet Tüzün 2019-07-02 PL248.T354 100100003722 2019-07-02 2019-07-02 Books

This software was implemented, installed and managed by Devinim Software Training Consulting .